Phasmophobia - Quiz Ogólny - Statystyki

Ogólne statystyki
  • Ten quiz został rozwiązany 820 razy
  • Średni wynik to 40 z 72
Statystyki odpowiedzi
Typ Rzeczy Odpowiedź % Poprawnych
Duch Spirit
86%
Przedmiot Startowy Czytnik EMF
80%
Przedmiot Startowy Projektor D.O.T.S
80%
Dowód Projektor D.O.T.S
80%
Przedmiot Startowy Latarka
79%
Przeklęty Przedmiot Zaklęte Lustro
78%
Przedmiot Startowy Kamera wideo
77%
Duch Demon
76%
Przedmiot Startowy Spirit Box
75%
Dowód Spirit Box
75%
Duch Banshee
74%
Przeklęty Przedmiot Pozytywka
72%
Przeklęty Przedmiot Karty Tarota
71%
Dowód Orb
71%
Prz. Dodatkowy Termometr
71%
Prz. Dodatkowy Kadzidło
70%
Duch Mara
70%
Duch Mimik
69%
Duch Yurei
69%
Duch Wraith
68%
Przeklęty Przedmiot Krąg Przywołań
67%
Dowód Mroźne Temperatury
66%
Przedmiot Startowy Notatnik dla duchów
66%
Duch Oni
66%
Duch Poltergeist
66%
Duch Deogen
65%
Duch Fantom
65%
Prz. Dodatkowy Krucyfiks
65%
Duch Revenant
65%
Duch The Twins
65%
Duch Yokai
65%
Duch Jinn
64%
Duch Onryo
64%
Dowód Pismo Ducha
64%
Przeklęty Przedmiot Tablica Ouija
64%
Przedmiot Startowy Latarka UV
63%
Duch Moroi
63%
Prz. Dodatkowy Zapalniczka
62%
Przedmiot Startowy Aparat fotograficzny
60%
Dowód EMF Poziom 5
60%
Duch Hantu
60%
Duch Shade
60%
Przeklęty Przedmiot Lalka Voodoo
59%
Duch Obake
59%
Prz. Dodatkowy Sól
59%
Duch Thaye
59%
Duch Goryo
57%
Przeklęty Przedmiot Małpia Łapka
55%
Prz. Dodatkowy Statyw
55%
Dowód Odciski Palców
54%
Duch Raiju
54%
Prz. Dodatkowy Świeczka
54%
Prz. Dodatkowy Czujnik ruchu
52%
Prz. Dodatkowy Mikrofon paraboliczny
51%
Lokacja 6 Tanglewood Drive
50%
Duch Myling
46%
Prz. Dodatkowy Czujnik dźwięku
40%
Lokacja Prison
40%
Lokacja 13 Willow Street
35%
Prz. Dodatkowy Kamera na głowę
31%
Lokacja Sunny Meadows
31%
Lokacja Brownstone High School
30%
Prz. Dodatkowy Pigułki na zdr. psychiczne
26%
Lokacja 42 Edgefield Road
25%
Lokacja Grafton Farmhouse
21%
Lokacja 10 Ridgeview Court
20%
Lokacja Camp Woodwind
20%
Lokacja Sunny Meadows Restricted
18%
Lokacja Bleasdale Farmhouse
14%
Lokacja Maple Lodge Campsite
12%
Prz. Dodatkowy Mocna latarka
12%
Prz. Dodatkowy Światło Chemiczne
12%
Nie znaleziono quizów pasujących do podanych kryteriów
Rozkład punktacji
Procent ludzi z każdym wynikiem
Percentyl według liczby udzielonych odpowiedzi
Twoja historia wyników
Nie rozwiązałeś tego quizu